Sanskrit-English dictionary: etymologically and philological arranged with reference to Cognate Indo-European languages (Record no. 19717)

MARC details
000 -LEADER
fixed length control field 00481nam a2200145Ia 4500
082 ## - DEWEY DECIMAL CLASSIFICATION NUMBER
Classification number RR 491.2321 SAN-
100 ## - MAIN ENTRY--AUTHOR NAME
Personal name Williams, Monier M;
245 #0 - TITLE STATEMENT
Title Sanskrit-English dictionary: etymologically and philological arranged with reference to Cognate Indo-European languages
260 ## - PUBLICATION, DISTRIBUTION, ETC. (IMPRINT)
Place of publication Delhi
Name of publisher Motilal Banarsidass
Year of publication 1976
300 ## - PHYSICAL DESCRIPTION
Number of Pages xxxiv, 1333p.
504 ## - BIBLIOGRAPHY, ETC. NOTE
Bibliography, etc Ref. book
650 ## - SUBJECT ADDED ENTRY--TOPICAL TERM
Topical Term Sanskrit language - Dictionaries
650 ## - SUBJECT ADDED ENTRY--TOPICAL TERM
Topical Term English language - Dictionaries
942 ## - ADDED ENTRY ELEMENTS (KOHA)
Koha item type Books
Holdings
Withdrawn status Lost status Damaged status Not for loan Home library Current library Date acquired Full call number Accession Number Price effective from Koha item type
        NASSDOC Library NASSDOC Library 08/06/2004 RR 491.2321 SAN- 10975 18/04/2019 Books